Statistiken für Größte deutsche Städte nach Buchstabe - S

Klicken Sie hier um das Quiz zu spielen!

Allgemein

  • Dieses Quiz wurde 5.358 mal gespielt
  • Das Durchschnittsergebnis liegt bei 6 aus 18

Antwortstatistiken

LandEinwohnerStadt% Korrekt
Baden-Württemberg630.305Stuttgart
97%
Saarland179.349Saarbrücken
95%
Mecklenburg-Vorpommern95.609Schwerin
72%
NRW159.193Solingen
52%
NRW101.943Siegen
51%
Niedersachsen103.866Salzgitter
39%
Bayern53.319Schweinfurt
31%
Baden-Württemberg64.595Sindelfingen
30%
Mecklenburg-Vorpommern59.205Stralsund
29%
NRW47.206Soest
25%
Baden-Württemberg48.033Singen (Hohentwiel)
23%
Rheinland-Pfalz50.741Speyer
20%
Niedersachsen47.611Stade
14%
Bayern47.612Straubing
14%
Baden-Württemberg61.216Schwäbisch Gmünd
11%
NRW46.124Schwerte
9%
NRW55.590Sankt Augustin
6%
NRW56.377Stolberg (Rheinland)
6%

Verteilung der Resultate

Perzentil nach korrekt beantworteten Fragen

Anzahl Personen mit jedem Resultat

Ihre Resultats-Entwicklung

Sie haben dieses Quiz noch nicht gespielt